More Sheep than Humans - Statistics

General Stats
  • This quiz has been taken 31 times
  • The average score is 5 of 11
Answer Stats
Sheep to Human
Ratio
Country % Correct
2.55 Australia
96%
5.23 New Zealand
93%
1.03 Ireland
71%
9.52 Mongolia
64%
1.12 Iceland
54%
2.13 Chad
36%
1.84 Uruguay
29%
1.40 South Sudan
21%
1.09 Libya
14%
2.61 Mauritania
11%
2.30 Turkmenistan
11%
No matching quizzes found
Score Distribution
Percent of People with Each Score
Percentile by Number Answered
Your Score History
You have not taken this quiz